000
00298nam a2200133Ia 4500
100
_a
Gaonkar/ R.S.
942
_c
BK
654
_a
Computer
245
_a
The Z 80 Microprocessors : Architecture
260
_b
Wiley eastern
_a
New Delhi
_c
1995
300
_a
700
546
_a
ENGLISH
999
_c
26582
_d
26582